Process heat transfer

שמור ב:
מידע ביבליוגרפי
מחבר ראשי: Das, Sarit K.
פורמט: ספר
שפה:Undetermined
יצא לאור: Harrow Alpha Science International Ltd. 2006
נושאים:
תגים: הוספת תג
אין תגיות, היה/י הראשונ/ה לתייג את הרשומה!
Thư viện lưu trữ: Trung tâm Học liệu Trường Đại học Cần Thơ
LEADER 00630nam a2200205Ia 4500
001 CTU_127763
008 210402s9999 xx 000 0 und d
020 |c 1565000 
082 |a 621.4022 
082 |b D229 
100 |a Das, Sarit K. 
245 0 |a Process heat transfer 
245 0 |c Sarit K. Das 
260 |a Harrow 
260 |b Alpha Science International Ltd. 
260 |c 2006 
650 |a Heat,Heat exchangers.,Heat,Nhiệt 
650 |x Transmission.,Transmission,Computer programs.,Truyền tải,Chương trình máy tính 
904 |i Minh 
980 |a Trung tâm Học liệu Trường Đại học Cần Thơ